|
|
|
|
| LEADER |
02067cam a2200493Ma 4500 |
| 001 |
ocn505064968 |
| 003 |
OCoLC |
| 005 |
20100917015550.0 |
| 006 |
m u |
| 007 |
cr cn||||||||| |
| 008 |
090817s2008 enka ob 000 0 eng d |
| 020 |
|
|
|a 9781848551275 (electronic bk.) :
|c £57.99 ; € 82.95 ; $99.95
|
| 020 |
|
|
|a 1848551274 (electronic bk.) :
|c £57.99 ; € 82.95 ; $99.95
|
| 020 |
|
|
|z 9781848551268 (hbk.)
|
| 040 |
|
|
|a CaPaEBR
|b eng
|c UBY
|d OCLCQ
|d ZJC
|d GrThAP
|
| 050 |
1 |
4 |
|a HM1
|b .S84 v. 32
|
| 072 |
|
7 |
|a JMH
|2 bicssc
|
| 072 |
|
7 |
|a JFFP
|2 bicssc
|
| 072 |
|
7 |
|a PSY031000
|2 bisacsh
|
| 072 |
|
7 |
|a LAN004000
|2 bisacsh
|
| 072 |
|
7 |
|a SOC026000
|2 bisacsh
|
| 080 |
|
|
|a 316.7
|
| 082 |
0 |
4 |
|a 302.2/223
|2 22
|
| 245 |
0 |
0 |
|a Studies in symbolic interaction.
|n Vol. 32
|h [electronic resource] /
|c edited by Norman K. Denzin ; co-managing editor[s], James Salvo ... Myra Washington.
|
| 250 |
|
|
|a 1st ed.
|
| 260 |
|
|
|a Bingley :
|b JAI,
|c 2008.
|
| 300 |
|
|
|a 1 online resource (x, 249 p.) :
|b ill.
|
| 500 |
|
|
|a Includes "Anselm Strauss Colloquium papers."
|
| 504 |
|
|
|a Includes bibliographical references.
|
| 520 |
|
|
|a This book emphasizes critical approaches to the study of race, identity and self, as well as developments in interactionist theory, ethics and dramaturical studies.
|
| 588 |
|
|
|a Description based on print version record.
|
| 650 |
|
0 |
|a Symbolic interactionism.
|
| 650 |
|
0 |
|a Social interaction.
|
| 650 |
|
0 |
|a Interpersonal communication.
|
| 650 |
|
7 |
|a Social, group or collective psychology.
|2 bicssc
|
| 650 |
|
7 |
|a Social interaction.
|2 bicssc
|
| 650 |
|
7 |
|a Psychology
|x Social Psychology.
|2 bisacsh
|
| 650 |
|
7 |
|a Language Arts & Disciplines
|x Communication Studies.
|2 bisacsh
|
| 650 |
|
7 |
|a Social Science
|x Sociology
|x General.
|2 bisacsh
|
| 700 |
1 |
|
|a Salvo, James.
|
| 700 |
1 |
|
|a Washington, Myra.
|
| 776 |
0 |
8 |
|i Print version:
|t Studies in Symbolic Interaction. Vol 32.
|d Gardners Books 2008
|z 9781848551268
|w (OCoLC)246907250
|
| 856 |
4 |
0 |
|u http://www.emeraldinsight.com/0163-2396/32
|z Full Text via HEAL-Link
|
| 913 |
|
|
|1 SSbacklist
|